000
00285nam a2200121Ia 4500
008
190216s9999||||xx |||||||||||||| ||und||
100
_a
Devi Prasad
245
0
_a
Elementary Linear Algebra
260
_b
Narosa Pubs House
_c
2006
300
_a
113
650
_a
Mathematics
942
_c
BK
999
_c
32285
_d
32285